Catálogo
 En Linea

Plan nacional para la reducción del riesgo sísmico en la República Dominicana. (Registro nro. 43863)

Detalles MARC
000 -CABECERA
campo de control de longitud fija 00392nam a2200109 a 4500
005 - FECHA Y HORA DE LA ÚLTIMA TRANSACCIÓN
campo de control 20201002045329.0
008 - DATOS DE LONGITUD FIJA--INFORMACIÓN GENERAL
campo de control de longitud fija 140626s2011 000 spa d
020 ## - NÚMERO INTERNACIONAL ESTÁNDAR DEL LIBRO
Número Internacional Estándar del Libro 9789945869675
040 ## - FUENTE DE LA CATALOGACIÓN
Centro catalogador/agencia de origen DO-SdBNP
245 #0 - MENCIÓN DE TÍTULO
Título Plan nacional para la reducción del riesgo sísmico en la República Dominicana.
260 ## - PUBLICACIÓN, DISTRIBUCIÓN, ETC.
Lugar de publicación, distribución, etc. Santo Domingo -- Ministerio de Economía, Planificación y Desarrollo,
Fecha de publicación, distribución, etc. 2011 -- 80 p.

No hay ítems disponibles.

Con tecnología Koha